LEADER 01136nam0-2200373---450- 001 990009233910403321 005 20101123115547.0 010 $a978-88-244-5465-0 035 $a000923391 035 $aFED01000923391 035 $a(Aleph)000923391FED01 035 $a000923391 100 $a20101013d2010----km-y0itay50------ba 101 0 $aita 102 $aIT 105 $ay-------001yy 200 1 $aEconomia aziendale e ragioneria generale$eanalisi delle variazionieconomiche e finanziarie, contabilità generale, bilancio e analisi bilancio$fSimona Catuogno 205 $a13. ed. 210 $aNapoli$cSimone$d2010 215 $a459 p.$d23 cm 225 1 $aManuali$v36 610 0 $aEconomia aziendale$aragioneria generale 676 $a657 700 1$aCatuogno,$bSimona$0117443 801 0$aIT$bUNINA$gRICA$2UNIMARC 901 $aBK 912 $a990009233910403321 952 $aAZRAG87A$b19426$fDECBC 952 $aAZRAG87B$b19492$fDECBC 952 $aAZRAG87C$b19493$fDECBC 952 $aAZRAG87D$b19494$fDECBC 959 $aDECBC 996 $aEconomia aziendale e ragioneria generale$9773225 997 $aUNINA LEADER 01406nam 2200409Ia 450 001 9910698029103321 005 20090223123911.0 035 $a(CKB)5470000002394714 035 $a(OCoLC)310364126 035 $a(EXLCZ)995470000002394714 100 $a20090223d2008 ua 0 101 0 $aeng 135 $aurmn||||||||| 181 $ctxt$2rdacontent 182 $cc$2rdamedia 183 $acr$2rdacarrier 200 10$aToward modeling limited plasticity in ceramic materials$b[electronic resource] /$fMichael Grinfeld, Scott E. Schoenfeld, and Tim W. Wright 210 1$aAberdeen Proving Ground, MD :$cArmy Research Laboratory,$d[2008] 215 $aiv, 16 pages $cdigital, PDF file 225 1 $aARL-TR ;$v4563 300 $aTitle from title screen (viewed Feb. 23, 2009). 300 $a"September 2008." 320 $aIncludes bibliographical references (page 14). 606 $aPlasticity$xMathematical models 606 $aCeramic materials 615 0$aPlasticity$xMathematical models. 615 0$aCeramic materials. 700 $aGrinfel?d$b M. A$01394305 701 $aSchoenfeld$b Scott E$01402202 701 $aWright$b Tim W$01394306 712 02$aU.S. Army Research Laboratory. 801 0$bGPO 801 1$bGPO 906 $aBOOK 912 $a9910698029103321 996 $aToward modeling limited plasticity in ceramic materials$93472226 997 $aUNINA